A course in modern linguistics
Na minha lista:
| Autor principal: | |
|---|---|
| Formato: | Livro |
| Idioma: | inglês |
| Publicado em: |
Nueva York
Macmillan
1958
|
| Assuntos: | |
| Tags: |
Adicionar Tag
Sem tags, seja o primeiro a adicionar uma tag!
|
MARC
| LEADER | 00000nam a2200000 a 4500 | ||
|---|---|---|---|
| 001 | UCN6073 | ||
| 003 | CL-VaPUC | ||
| 008 | 010913e19580000US |||||||||||||||||eng|d | ||
| 082 | 0 | 4 | |a 410 |b HOC |2 21 |
| 100 | |a Hockett, Charles Francis |e author |9 461895 | ||
| 245 | 1 | 2 | |a A course in modern linguistics |
| 300 | |a 621 p | ||
| 942 | |c BK | ||
| 945 | |d 20010913 00:00:00 |a crobeson | ||
| 260 | |a Nueva York |b Macmillan |c 1958 | ||
| 650 | 0 | |a Lingüística |9 265068 | |
| 650 | 7 | |a TEORIA LINGUISTICA |2 CL-VaPUC |9 334835 | |
| 650 | 0 | |a Fonología |9 341074 | |
| 650 | 0 | |a Gramática |9 270497 | |
| 650 | 7 | |a LINGUISTICA DESCRIPTIVA |2 CL-VaPUC |9 461896 | |
| 583 | |a last modification |c 20010913 00:00:00 |k Rodrigo Vera | ||
| 999 | |c 297157 |d 297155 | ||
| 952 | |0 0 |1 0 |4 0 |6 410_000000000000000_HOC_1958 |7 0 |8 A |9 351637 |a FDOPOS |b FDOPOS |d 2019-11-21 |i 3750744 |o 410 HOC 1958 |p 3750744 |r 2025-01-22 |w 2019-11-21 |y BK |k MLA | ||
| 952 | |0 0 |1 0 |4 0 |6 410_000000000000000_HOC_1958 |7 0 |8 A |9 351638 |a FDOPOS |b FDOPOS |d 2019-11-21 |i 4312066 |o 410 HOC 1958 |p 4312066 |r 2025-01-22 |w 2019-11-21 |y BK |k MLA | ||
| 952 | |0 0 |1 0 |4 0 |6 410_000000000000000_HOC_1958 |7 0 |8 A |9 351639 |a FDOPOS |b FDOPOS |d 2019-11-21 |i 4524977 |o 410 HOC 1958 |p 4524977 |r 2025-01-22 |w 2019-11-21 |y BK |k DLA | ||